00215 a2200109 4500001000700000020000600007040001100013100001700024240003000041245002500071362000900096160414 a  cMagnum aRosa, Merval10aPsicologia evolutivalpor10aPsicologia evolutiva0 a1899